000 00472nam a2200157Ia 4500
008 240729s9999 xx 000 0 und d
022 _a2477-5223
245 0 _aJournal of Wetlands Environmental Management
260 _aIndonesia
260 _bUniversitas Lambung Mangkurat
650 _a Environmental sciences
650 _aGeography. Anthropology. Recreation
856 _uhttps://doaj.org/toc/e96b762c93324bc9a7b5ddb876b72f56
942 _2ddc
942 _cDOAJEJ
999 _c70482
_d70482
945 _a1
_bMadushi Gamage
_c1
_dMadushi Gamage